000 01250nam a22003377a 4500
003 CHAP
005 20220329142951.0
008 050506d2004 r 00010 spa d
010 _a90250
011 _a91222
020 _a9701334205
035 _a101780
040 _cCHAP
082 _a331.712
_bI5 B.C.
110 2 _aInstituto Nacional de Estadística, Geografía e Informática. México
_959304
245 0 4 _aLos profesionistas de Baja California
_c/ por Instituto Nacional de Estadística Geografía e Informática
260 _aAguascalientes, Ags. :
_bInstituto Nacional de Estadística, Geografía e Informática,
_c2004.
300 _a91 p. ;
_bgráfs.
590 _aBATCH-UPD
_b10
_c20130110
_lUCH01
_h1607
590 _aBATCH-UPD
_b10
_c20130410
_lUCH01
_h1003
590 _aBATCH-UPD
_b10
_c20130914
_lUCH01
_h0922
590 _aCONVERSION
_b10
_c20130109
_lUCH01
_h1350
650 1 4 _aChihuahua
_xEstadísticas.
_922299
650 1 4 _aPoblación
_xEstadísticas
_zChihuahua.
_989375
650 1 4 _aProfesionistas.
_992240
650 1 4 _aTrabajo y trabajadores
_xEstadísticas.
_9114522
901 _aBK
905 _aAlejandra Carrasco M.
942 _cLIBRO
949 _a331.712 I5 B.C.
_bBC
_cLIBRO
_d33724000799201
_eINEGI
_h105374
_i101780
_sb
999 _c90250
_d90250